| 000 | 00611nam a2200193Ia 4500 | ||
|---|---|---|---|
| 003 | GCL | ||
| 008 | 140319s9999 xx 000 0 ara d | ||
| 040 |
_aGCL / _cGCL |
||
| 082 | 0 | 4 |
_a923.1 _bج ط |
| 100 | 1 | _aجواد حسنى | |
| 245 | 1 | 0 |
_aالطفاة والطفيان فى التاريخ / _cجواد حسنى |
| 260 |
_a[S.N] : _bدار ابن زيدون للطباعة والنشر والتوزيع ، _c1988 |
||
| 300 | _a126 ص | ||
| 490 | _a | ||
| 650 | 0 | 4 | _aالملوك والحكام |
| 650 | 0 | 4 | _aالاباطرة الرومان |
| 650 | 0 | 4 | _aروساء الجمهورية |
| 942 |
_2ddc _cBK |
||
| 999 |
_c27776 _d27776 |
||